<?xml version="1.0" encoding="UTF-8"?>
<record
    xmlns:xsi="http://www.w3.org/2001/XMLSchema-instance"
    xsi:schemaLocation="http://www.loc.gov/MARC21/slim http://www.loc.gov/standards/marcxml/schema/MARC21slim.xsd"
    xmlns="http://www.loc.gov/MARC21/slim">

  <leader>00477nam a22001577a 4500</leader>
  <controlfield tag="003">OSt</controlfield>
  <controlfield tag="005">20130610114920.0</controlfield>
  <controlfield tag="008">130610s1977    cu ||||| |||| 00| 0 spa d</controlfield>
  <datafield tag="040" ind1=" " ind2=" ">
    <subfield code="c">CDMR</subfield>
  </datafield>
  <datafield tag="245" ind1="0" ind2="3">
    <subfield code="a">El periodismo en Jos&#xE9; Mart&#xED;</subfield>
    <subfield code="c">Camila Henr&#xED;quez Ure&#xF1;a... [et al.]</subfield>
  </datafield>
  <datafield tag="260" ind1=" " ind2=" ">
    <subfield code="a">La Habana</subfield>
    <subfield code="b">Orbe</subfield>
    <subfield code="c">[1977]</subfield>
  </datafield>
  <datafield tag="300" ind1=" " ind2=" ">
    <subfield code="a">111 p.</subfield>
  </datafield>
  <datafield tag="600" ind1="1" ind2=" ">
    <subfield code="9">3723</subfield>
    <subfield code="a">Mart&#xED;, Jos&#xE9;</subfield>
    <subfield code="d">1853-1895</subfield>
    <subfield code="x">Cr&#xED;tica i interpretaci&#xF3;</subfield>
  </datafield>
  <datafield tag="700" ind1="1" ind2=" ">
    <subfield code="9">3722</subfield>
    <subfield code="a">Henr&#xED;quez Ure&#xF1;a, Camila</subfield>
    <subfield code="d">1894-1973</subfield>
  </datafield>
  <datafield tag="942" ind1=" " ind2=" ">
    <subfield code="2">udc</subfield>
    <subfield code="c">MON</subfield>
  </datafield>
  <datafield tag="999" ind1=" " ind2=" ">
    <subfield code="c">6429</subfield>
    <subfield code="d">6429</subfield>
  </datafield>
  <datafield tag="952" ind1=" " ind2=" ">
    <subfield code="0">0</subfield>
    <subfield code="1">0</subfield>
    <subfield code="4">0</subfield>
    <subfield code="7">0</subfield>
    <subfield code="a">CDMR</subfield>
    <subfield code="b">CDMR</subfield>
    <subfield code="d">2013-01-16</subfield>
    <subfield code="l">0</subfield>
    <subfield code="o">Bk /64</subfield>
    <subfield code="p">CDMR13066650F</subfield>
    <subfield code="r">2013-06-10</subfield>
    <subfield code="w">2013-06-10</subfield>
    <subfield code="y">MON</subfield>
  </datafield>
</record>
